Prospects of Millennial Entrepreneurs/ (Record no. 190869)

MARC details
000 -LEADER
fixed length control field 01198nam a22002177a 4500
005 - DATE AND TIME OF LATEST TRANSACTION
control field 20220808143615.0
010 ## - LCCN (DPL NO)
LC control number ENG-134350
020 ## - INTERNATIONAL STANDARD BOOK NUMBER
International Standard Book Number 97893797959
Terms of availability 300.00
035 ## - SYSTEM CONTROL NUMBER
System control number EN-117882
037 ## - SOURCE OF ACQUISITION
Source of stock number/acquisition DBAD/PUB
082 ## - DEWEY DECIMAL CLASSIFICATION NUMBER
Classification number 338.04
100 ## - MAIN ENTRY--PERSONAL NAME
Personal name Ishaw, M. Mohamed
245 ## - TITLE STATEMENT
Title Prospects of Millennial Entrepreneurs/
Statement of responsibility, etc M. Mohamed Ishaq [et.al...]
260 ## - PUBLICATION, DISTRIBUTION, ETC. (IMPRINT)
Place of publication, distribution, etc Tamil Nadu
Name of publisher, distributor, etc Shanlax Publications
Date of publication, distribution, etc 2022
270 ## - ADDRESS
Address 61, 66 T.P.K. Main Road, Vasantha Nagar
City Madurai
Postal code 625003
300 ## - PHYSICAL DESCRIPTION
Extent 138p.
Dimensions 24cm(pbk)
700 ## - ADDED ENTRY--PERSONAL NAME
Personal name Mohideen, A. Sulthan
700 ## - ADDED ENTRY--PERSONAL NAME
Personal name Irshad, K. Mohamed
700 ## - ADDED ENTRY--PERSONAL NAME
Personal name llyas, M. Mohamed
942 ## - ADDED ENTRY ELEMENTS (KOHA)
Source of classification or shelving scheme Dewey Decimal Classification
Item type English Books
Classification part 338.04
Call number suffix ISH
Holdings
Withdrawn status Lost status Materials specified (bound volume or other part) Not for loan Collection code Home library Current library Date acquired Source of acquisition Cost, normal purchase price Full call number Barcode Copy number Cost, replacement price Koha item type
    VOLUME 4   Non-fiction Bawana Bawana 08/08/2022 DBAD/PUB 300.00 338.04 ISH EN-117882 1 300.00 English Books

© Delhi Public Library
Hit Counter
free hit counter